000 00735nam a22002057a 4500
999 _c5999
_d5999
003 AR-CdUCM
008 190313b ||||| |||| 00| 0 spa d
040 _aMUNICIPALIDAD PROVINCIAL DEL CUSCO
_cBIBLIOTECA MUNICIPAL DEL CUSCO
082 _a800.8 /
_bP73
245 _aPoesía medieval inglesa /
260 _aBuenos Aires :
_bCentro Editor de América Latina,
_c1970.
300 _a63 paginas ;
_c17 cm.
500 _aDonación de la Familia Nieto.
505 _aContenido: Las ruinas -- El vagabundo -- El sueño de la cruz -- La batalla de Maldon -- Elegías ...
650 _aLiteratura medieval
_917566
650 _aPoesía inglesa - Hasta 1700
_917567
650 _apoesías
_917568
942 _2ddc
_cLIBROS
945 _aAlvina